US States By Category #2 - Statistics

General Stats
  • This quiz has been taken 39 times
  • The average score is 40 of 50
Answer Stats
Answer % Correct
Florida
94%
Florida
94%
Florida
94%
Texas
94%
Texas
94%
Texas
94%
California
89%
Hawaii
89%
Hawaii
89%
New York
89%
New York
89%
Rhode Island
89%
Connecticut
86%
Connecticut
86%
Kansas
86%
Kansas
86%
Maine
86%
Washington
86%
Georgia
83%
Montana
83%
Alaska
80%
Alaska
80%
Alaska
80%
Delaware
80%
Nebraska
80%
Nebraska
80%
North Dakota
80%
North Dakota
80%
New Hampshire
77%
New Hampshire
77%
South Dakota
77%
South Dakota
77%
Vermont
77%
Vermont
77%
Kentucky
74%
Massachusetts
74%
Virginia
74%
New Jersey
71%
New Jersey
71%
New Jersey
71%
New Jersey
71%
Louisiana
69%
Louisiana
69%
Utah
69%
Wyoming
69%
Illinois
63%
Illinois
63%
Missouri
63%
West Virginia
54%
Minnesota
49%
No matching quizzes found
Score Distribution
Percent of People with Each Score
Percentile by Number Answered
Your Score History
You have not taken this quiz